| 000 | 00389nam a2200157Ia 4500 | ||
|---|---|---|---|
| 003 | LK-CoDNM | ||
| 008 | 010623t1923 xxu||||| |||| 00| 1 eng d | ||
| 040 |
_aLK-CoDNM _dLK-CoDNM _eLK-CoDNM |
||
| 041 | _aeng | ||
| 080 | _a22 H.25 | ||
| 100 | _aBose, Phanindra Nath | ||
| 245 | _aThe Indian Teachers in China | ||
| 260 |
_bS. Ganesan _aMadras _c1923 |
||
| 300 | _b143p., 21 cm | ||
| 942 | _cBK | ||
| 999 |
_c91625 _d91625 |
||